Nhật Bản : Tăng cường hiểu biết và hợp tác - Bước chuyển biến hướng tới thế kỷ 21

Guardat en:
Dades bibliogràfiques
Format: Llibre
Idioma:Undetermined
Publicat: Hà Nội Giáo Dục 1996
Matèries:
Etiquetes: Afegir etiqueta
Sense etiquetes, Sigues el primer a etiquetar aquest registre!
Thư viện lưu trữ: Trung tâm Học liệu Trường Đại học Cần Thơ
LEADER 00573nam a2200181Ia 4500
001 CTU_122730
008 210402s9999 xx 000 0 und d
082 |a 952 
082 |b Nh124 
245 0 |a Nhật Bản : 
245 0 |b Tăng cường hiểu biết và hợp tác - Bước chuyển biến hướng tới thế kỷ 21 
260 |a Hà Nội 
260 |b Giáo Dục 
260 |c 1996 
650 |a Japan,Japan 
650 |x Economics aspects,History 
904 |i M.Loan 
980 |a Trung tâm Học liệu Trường Đại học Cần Thơ